[Event "ALG-ch"]
[Site "Algiers"]
[Date "2017.10.20"]
[Round "1"]
[White "Ounas, Abdelhak"]
[Black "Talbi, Chafik"]
[Result "0-1"]
[WhiteElo "1993"]
[BlackElo "2266"]
[PlyCount "136"]
[EventDate "2017.10.20"]
[EventType "tourn"]
[EventRounds "7"]
[EventCountry "ALG"]
[SourceTitle "CBM 181 Extra"]
[Source "ChessBase"]
[SourceDate "2017.12.12"]
[SourceVersion "1"]
[SourceVersionDate "2017.12.12"]
[SourceQuality "1"]

1. Nf3 d5 2. c4 e6 3. d4 Nf6 4. Bg5 Bb4+ 5. Nc3 dxc4 6. e4 c5 7. Bxc4 cxd4 8. Nxd4 Qa5 9. Bd2 Qc5 10. Bb5+ Bd7 11. Nb3 Qb6 12. Bxd7+ Nbxd7 13. 0-0 0-0 14. Qe2 Rfc8 15. e5 Bxc3 16. bxc3 Nd5 17. Rac1 Qc7 18. c4 N5b6 19. c5 Na4 20. Rfe1 Naxc5 21. Nxc5 Nxc5 22. Bg5 Qa5 23. Rcd1 Qa4 24. Rd6 b6 25. Red1 Qe4 26. Qd2 h6 27. Bxh6 Qxe5 28. Bf4 Qf5 29. Qe3 Ne4 30. R6d4 Nc3 31. Re1 Nd5 32. Qg3 Nxf4 33. Rxf4 Qe5 34. Rf1 Rc3 35. Qg4 Rac8 36. h4 Rc1 37. Rxc1 Rxc1+ 38. Kh2 Rc2 39. g3 Rxa2 40. Qf3 Qd5 41. Qe3 Ra1 42. Rf3 Qd1 43. Kh3 Qh1+ 44. Kg4 Qc1 45. Qb3 Qd1 46. Qxd1 Rxd1 47. Rc3 a5 48. Rc8+ Kh7 49. Ra8 Rd4+ 50. f4 a4 51. Ra7 Kg6 52. h5+ Kf6 53. Kf3 g5 54. h6 gxf4 55. h7 Rd8 56. Rxa4 fxg3 57. Rb4 Kg7 58. Rxb6 Rd3+ 59. Kg2 Kxh7 60. Rb4 f5 61. Rb6 Re3 62. Rb8 f4 63. Rf8 e5 64. Rf5 Kg6 65. Rf8 Kg5 66. Rf7 Kg4 67. Rf8 Re2+ 68. Kf1 Kf3 0-1

[Event "Africa-ch"]
[Site "Oran"]
[Date "2017.07.09"]
[Round "8"]
[White "Ounas, Abdelhak"]
[Black "Van Zyl Rudd, Jack"]
[Result "0-1"]
[WhiteElo "2018"]
[BlackElo "2125"]
[PlyCount "104"]
[EventDate "2017.07.02"]
[EventType "swiss"]
[EventRounds "9"]
[EventCountry "ALG"]
[SourceTitle "CBM 179 Extra"]
[Source "ChessBase"]
[SourceDate "2017.08.23"]
[SourceVersion "1"]
[SourceVersionDate "2017.08.23"]
[SourceQuality "1"]

1. e4 c5 2. Nf3 Nc6 3. d4 cxd4 4. Nxd4 e6 5. Nc3 Nf6 6. Ndb5 Bb4 7. a3 Bxc3+ 8. Nxc3 d5 9. Bg5 d4 10. Ne2 h6 11. Bxf6 Qxf6 12. Ng3 0-0 13. Bd3 e5 14. 0-0 Ne7 15. f4 exf4 16. Nh5 Qd6 17. Nxf4 Ng6 18. Nxg6 Qxg6 19. Qd2 Qd6 20. Rae1 Qe5 21. Rf4 Be6 22. Ref1 b5 23. R4f3 a5 24. Rg3 Kh8 25. Rgf3 Rfb8 26. b3 Rc8 27. Qf2 Rc3 28. a4 bxa4 29. bxa4 Rb8 30. h3 Rb4 31. Qh4 Qg5 32. Qe1 Qe5 33. Qh4 Rc8 34. Qe1 Qc5 35. Qh4 Qg5 36. Qe1 Qe5 37. Qh4 Rxa4 38. Qe1 Qc5 39. Qh4 Qg5 40. Qe1 Qe5 41. Rf5 Bxf5 42. Rxf5 Qc7 43. e5 Qc3 44. Qe4 Ra1+ 45. Kh2 Re1 46. Qf4 Qc7 47. g3 Qxc2+ 48. Bxc2 Rxc2+ 49. Qf2 Rxf2+ 50. Rxf2 d3 51. Kg2 Re2 52. e6 fxe6 0-1

[Event "Africa-ch"]
[Site "Oran"]
[Date "2017.07.08"]
[Round "7"]
[White "Douissa, Oussama"]
[Black "Ounas, Abdelhak"]
[Result "1-0"]
[WhiteElo "2270"]
[BlackElo "2018"]
[PlyCount "81"]
[EventDate "2017.07.02"]
[EventType "swiss"]
[EventRounds "9"]
[EventCountry "ALG"]
[SourceTitle "EXT 2018"]
[Source "ChessBase"]
[SourceDate "2017.10.13"]
[SourceVersion "1"]
[SourceVersionDate "2017.10.13"]
[SourceQuality "1"]

1. e4 c5 2. Nf3 e6 3. d4 cxd4 4. Nxd4 Nc6 5. Nc3 Nf6 6. Ndb5 d6 7. Bf4 e5 8. Bg5 a6 9. Bxf6 gxf6 10. Na3 b5 11. Nd5 Be6 12. c3 Bxd5 13. Qxd5 Ne7 14. Qd2 Qb6 15. g3 h5 16. h4 Qc6 17. Bg2 f5 18. Qe2 f4 19. gxf4 Ng6 20. Nc2 Nxf4 21. Qf3 Rg8 22. Bf1 f5 23. Nb4 Qb7 24. Nd5 Nxd5 25. exd5 Qf7 26. Bh3 Rg4 27. Bxg4 hxg4 28. Qd3 Bh6 29. a4 b4 30. cxb4 e4 31. Qc4 Kf8 32. Qc6 Rd8 33. Ra3 Qf6 34. Qc3 Qg6 35. b5 axb5 36. axb5 e3 37. Qh8+ Ke7 38. h5 exf2+ 39. Kxf2 Qg5 40. Ra7+ Rd7 41. Re1+ 1-0

[Event "Africa-ch"]
[Site "Oran"]
[Date "2017.07.02"]
[Round "1"]
[White "Talbi, Chafik"]
[Black "Ounas, Abdelhak"]
[Result "1-0"]
[WhiteElo "2250"]
[BlackElo "2018"]
[PlyCount "138"]
[EventDate "2017.07.02"]
[EventType "swiss"]
[EventRounds "9"]
[EventCountry "ALG"]
[SourceTitle "CBM 179 Extra"]
[Source "ChessBase"]
[SourceDate "2017.08.23"]
[SourceVersion "1"]
[SourceVersionDate "2017.08.23"]
[SourceQuality "1"]

1. d4 d5 2. Bf4 Nf6 3. e3 e6 4. c4 Bd6 5. Nc3 0-0 6. Nf3 Bxf4 7. exf4 Nbd7 8. c5 c6 9. Bd3 Qc7 10. Ne5 Ne8 11. Qc2 f5 12. Nxd7 Bxd7 13. Qd2 Nf6 14. f3 Qa5 15. a3 Rae8 16. 0-0 Qc7 17. Rfe1 Nh5 18. Re5 Qd8 19. Rae1 Rf6 20. g4 Rg6 21. Kh1 Nf6 22. g5 Nh5 23. Ne2 h6 24. Rg1 Kf7 25. Rg2 Rh8 26. Kg1 b6 27. h4 Qg8 28. Qb4 Qd8 29. cxb6 axb6 30. Qd6 Rg8 31. Kf2 Nf6 32. Bc2 Ne8 33. Qb4 h5 34. Nc1 Bc8 35. Rg1 Qc7 36. Rge1 c5 37. Qd2 Nd6 38. Bb3 c4 39. Bc2 Bd7 40. Ne2 Rb8 41. Qb4 Kg8 42. Ng3 Nf7 43. Nxh5 Nxe5 44. fxe5 Kf7 45. Ng3 Rh8 46. Rh1 f4 47. Bxg6+ Kxg6 48. Ne2 Kf7 49. Nxf4 Rf8 50. h5 Kg8 51. Ng6 Rf7 52. h6 gxh6 53. gxh6 Qd8 54. Qd2 Be8 55. h7+ Rxh7 56. Rxh7 Kxh7 57. Nf8+ Kg8 58. Qh6 Qe7 59. Nxe6 Bd7 60. Qg5+ Qxg5 61. Nxg5 Kg7 62. Kg3 Ba4 63. Nh3 Kf7 64. Nf4 Bc6 65. Kg4 Ke7 66. Kf5 Bd7+ 67. e6 Bc6 68. Ke5 Ba4 69. Nxd5+ Ke8 1-0

[Event "ALG-ch sf"]
[Site "Tiaret"]
[Date "2017.03.31"]
[Round "5"]
[White "Ounas, Abdelhak"]
[Black "Bengherabi, Khalil"]
[Result "0-1"]
[WhiteElo "2048"]
[BlackElo "2224"]
[PlyCount "148"]
[EventDate "2017.03.29"]
[EventType "swiss"]
[EventRounds "7"]
[EventCountry "ALG"]
[SourceTitle "EXT 2018"]
[Source "ChessBase"]
[SourceDate "2017.10.13"]
[SourceVersion "1"]
[SourceVersionDate "2017.10.13"]
[SourceQuality "1"]

1. e4 c5 2. Nc3 Nc6 3. f4 d6 4. Bb5 Bd7 5. Nf3 g6 6. 0-0 Bg7 7. d3 Nd4 8. Bxd7+ Qxd7 9. Nd5 e6 10. Ne3 Ne7 11. c3 Nxf3+ 12. Qxf3 f5 13. exf5 gxf5 14. Bd2 0-0 15. Rae1 Rae8 16. Re2 b5 17. Be1 Nc6 18. Kh1 d5 19. g4 d4 20. Ng2 fxg4 21. Qxg4 Kh8 22. Rg1 Qd5 23. c4 bxc4 24. dxc4 Qf5 25. Qxg7+ Kxg7 26. Nh4+ Kf7 27. Nxf5 exf5 28. Reg2 Rg8 29. Rxg8 Rxg8 30. Rxg8 Kxg8 31. Kg2 a5 32. a3 a4 33. Kf3 Kf7 34. Ke2 Ke6 35. Kd3 Kd6 36. Kc2 Kc7 37. b3 axb3+ 38. Kxb3 Kb6 39. Ka4 Ka6 40. Bd2 h5 41. Be1 Ne7 42. Bh4 Nc8 43. Kb3 Nd6 44. Bd8 Ne4 45. Kc2 Nf2 46. Be7 Ne4 47. Kd3 Kb6 48. Bd8+ Kc6 49. a4 Nc3 50. a5 Na2 51. Be7 Nb4+ 52. Kd2 Na6 53. Kd3 Nc7 54. Kc2 Ne6 55. Kb3 Nxf4 56. a6 Ne6 57. Kc2 Kb6 58. Kd3 Kxa6 59. Bd6 Kb6 60. Bg3 Kc6 61. Ke2 Kd7 62. Be1 Kd6 63. Kf3 Ke5 64. Bd2 f4 65. Ba5 Ng5+ 66. Kf2 Ke4 67. Bb6 Nh3+ 68. Ke2 d3+ 69. Ke1 Kd4 70. Ba5 Kxc4 71. Kf1 f3 72. Bd2 Kb3 73. Ba5 Kc2 74. Bd2 f2 0-1

[Event "ALG Cup"]
[Site "Blida et Alger"]
[Date "2016.10.12"]
[Round "1.3"]
[White "Bengherabi, Khalil"]
[Black "Ounas, Abdelhak"]
[Result "1/2-1/2"]
[WhiteElo "2245"]
[BlackElo "2037"]
[PlyCount "123"]
[EventDate "2016.10.12"]
[EventType "k.o."]
[EventRounds "14"]
[EventCountry "ALG"]
[SourceTitle "EXT 2024"]
[Source "ChessBase"]
[SourceDate "2023.10.10"]
[SourceVersion "1"]
[SourceVersionDate "2023.10.10"]
[SourceQuality "1"]

1. e4 e5 2. Nf3 Nc6 3. d4 d6 4. Bb5 Bd7 5. dxe5 dxe5 6. 0-0 Bd6 7. Qe2 a6 8. Bc4 Nf6 9. a4 Bg4 10. c3 Qd7 11. h3 Be6 12. Nbd2 0-0 13. Rd1 h6 14. Nf1 Bxc4 15. Qxc4 Na5 16. Qa2 Nxe4 17. Qd5 Nc5 18. Ra3 e4 19. b4 Nd3 20. Qxe4 Nxc1 21. Rxc1 Rfe8 22. Qc2 Nc4 23. Raa1 Re6 24. Re1 Ne5 25. Nxe5 Bxe5 26. Rad1 Qc6 27. c4 Rae8 28. b5 axb5 29. axb5 Qb6 30. Re3 Bd4 31. Rxe6 fxe6 32. Ng3 e5 33. Ne4 Rf8 34. Rb1 Qg6 35. Re1 Rxf2 36. Qxf2 Qf5 37. Kf1 Bxf2 38. Nxf2 Qe6 39. Re4 Qd6 40. Ke2 Qa3 41. Nd3 Qa2+ 42. Kf3 Qb3 43. Ke3 Qc2 44. g4 Qg2 45. Nf2 Qg3+ 46. Ke2 c6 47. bxc6 bxc6 48. Re3 Qf4 49. Re4 Qf6 50. Nd3 Qh4 51. Re3 e4 52. Nf2 Qf6 53. Rxe4 Qb2+ 54. Kf3 Qc3+ 55. Kg2 c5 56. Rf4 Qe3 57. Re4 Qb3 58. Rf4 g5 59. Re4 Kf7 60. Kf1 Kf6 61. Kg2 Kf7 62. Kf1 1/2-1/2